Top 50 Madden 26 Wide Receivers - Statistics

General Stats
  • This quiz has been taken 72 times
  • The average score is 36 of 50
Answer Stats
Team Rating Player % Correct
Cincinnati Bengals 99 Ja'Marr Chase
100%
Los Angeles Rams 97 Puka Nacua
100%
Seattle Seahawks 95 Jaxon Smith-Njigba
98%
Philadelphia Eagles 89 A.J Brown
96%
Detroit Lions 96 Amon-Ra St Brown
96%
Dallas Cowboys 93 Ceedee Lamb
96%
Philadelphia Eagles 91 DeVonta Smith
96%
Minnesota Vikings 94 Justin Jefferson
96%
Tampa Bay Buccaneers 91 Mike Evans
94%
Miami Dolphins 92 Tyreek Hill
92%
Atlanta Falcons 92 Drake London
90%
Los Angeles Rams 90 Davante Adams
88%
Cincinnati Bengals 88 Tee Higgins
88%
Dallas Cowboys 88 George Pickens
87%
Miami Dolphins 86 Jaylen Waddle
87%
New England Patriots 87 Stefon Diggs
85%
Chicago Bears 85 DJ Moore
83%
Pittsburgh Steelers 85 D.K Metcalf
83%
Baltimore Ravens 88 Zay Flowers
83%
New Orleans Saints 87 Chris Olave
81%
Seattle Seahawks 84 Cooper Kupp
81%
New York Jets 86 Garrett Wilson
81%
Arizona Cardinals 81 Michael Wilson
81%
Houston Texans 89 Nico Collins
81%
Washington Commanders 90 Terry McLaurin
81%
Detroit Lions 85 Jameson Williams
79%
New York Giants 86 Malik Nabers
77%
Kansas City Chiefs 85 Rashee Rice
75%
Denver Broncos 87 Courtland Sutton
73%
Indianapolis Colts 84 Michael Pittman Jr
71%
Indianapolis Colts 84 Alec Pierce
67%
Minnesota Vikings 84 Jordan Addison
67%
San Francisco 49ers 84 Brandon Aiyuk
60%
Los Angeles Chargers 83 Keenan Allen
58%
Jacksonville Jaguars 81 Brian Thomas Jr
56%
Tampa Bay Buccaneers 82 Chris Godwin Jr
56%
Los Angeles Chargers 83 Ladd McConkey
56%
New York Giants 83 Wan'Dale Robinson
56%
Chicago Bears 82 Rome Odunze
54%
Tampa Bay Buccaneers 81 Emeka Egbuka
52%
Buffalo Bills 82 Khalil Shakir
52%
Carolina Panthers 83 Tetairoa McMillan
52%
San Francisco 49ers 81 Jauan Jennings
48%
Cleveland Browns 81 Jerry Jeudy
48%
Washington Commanders 81 Deebo Samuel Sr
42%
Jacksonville Jaguars 82 Jakobi Meyers
42%
Green Bay Packers 80 Jayden Reed
38%
New England Patriots 80 Kayshon Boutte
35%
Indianapolis Colts 80 Josh Downs
31%
Jacksonville Jaguars 82 Travis Hunter
31%
No matching quizzes found
Score Distribution
Percent of People with Each Score
Percentile by Number Answered
Your Score History
You have not taken this quiz